000 00769nam a2200205 a 4500
001 22537
003 CO-ViMGA
008 141112s2004 ck r 000 u spa d
040 _aCO-ViMGA
_bspa
_cCO-ViMGA
082 0 4 _a005.43 F853
100 1 _aCandela, Santiago
_932006
245 1 0 _aFundamentos de Sistemas Operativos :
_bTeoría y ejercicios resueltos
260 _aMadrid :
_b2007
300 _a492
505 _aDefinición de sistema operativo 2 - 6 - - Tipos de sistemas 6 - 17 - - Multiprogramadores 19 - 20
590 _aForma de adquisición : Compra - - Precio : 86.000 - - Proveedor : Dismet - - Fecha de adquisición : 2008
650 1 4 _aSISTEMAS OPERATIVOS(COMPUTADOR)
_932007
650 1 4 _aSISTEMAS OPERATIVOS(ORDENADORES)
_932008
942 _2ddc
_cBK
999 _c30838
_d30838